000 00610nam a2200205 a 4500
001 000042612
005 20201002040255.0
008 140131s1998 sp ab 000 0 spa d
020 _a8401540550
040 _aDO-SdBNP
_bspa
_cBNPHU
041 1 7 _aspa
_heng
082 _axxx
_bA258M
100 1 _aMeneses, Enrique,
_d1929-2013.
_969862
245 1 0 _aÁfrica de Cairo a Cabo /
_cEnrique Meneses.
260 _aBarcelona :
_bPlaza & Janés,
_c1998.
300 _a254 p. :
_bil., mapas ;
_c18 cm.
490 1 _aViajes y aventuras
_v1
590 _aInventariado, 2019 /LP.
830 0 _aViajes y aventuras
_v1
_969863
999 _c42101
_d42101